Guerra del tiempo: tres relatos y una novela

Gardado en:
Detalles Bibliográficos
Autor Principal: Carpentier, Alejo (Author)
Formato: Libro
Idioma:Lingua castelá
Publicado: Santiago Orbe 1969
Subjects:
Tags: Engadir etiqueta
Sen Etiquetas, Sexa o primeiro en etiquetar este rexistro!

MARC

LEADER 00000nam a2200000 a 4500
001 UCT2913
003 CL-VaPUC
008 961018e19690000CL |||||||||||||||||spa|d
082 0 4 |a Cu863  |b CAR  |2 21 
100 0 |a Carpentier, Alejo  |e author  |9 317536 
245 1 0 |a Guerra del tiempo: tres relatos y una novela 
300 |a 197 p 
942 |c BK 
945 |d 19961018 00:00:00  |a rleighto 
260 |a Santiago  |b Orbe  |c 1969 
650 0 |a Novelas cubanas  |9 268276 
650 0 |a Cuentos cubanos  |9 315673 
583 |a last modification  |c 19961018 00:00:00  |k Rodrigo Vera 
999 |c 252802  |d 252800 
952 |0 0  |1 0  |4 0  |6 CU_863_000000000000000_CAR_1969  |7 0  |8 A  |9 272902  |a BIBEDU  |b BIBEDU  |d 2019-11-19  |i 3242439  |o Cu863 CAR 1969  |p 3242439  |r 2019-11-19  |w 2019-11-19  |y BK  |k LIT